| 000 | 00474nam a2200193Ia 4500 | ||
|---|---|---|---|
| 001 | 23359 | ||
| 008 | 140410s9999 xx 000 0 und d | ||
| 020 | _a1-871364-73-6 | ||
| 040 | _cPK-LaUMT | ||
| 082 |
_a 613 _bEWL-P |
||
| 100 | _aIna Simnett | ||
| 245 |
_aPromoting health: _ba practical guide _cIna Simnett<>Linda Ewles |
||
| 250 | _a2nd | ||
| 260 |
_aLondon,UK: _bScutari Press, _c1992 |
||
| 300 | _a262 p. | ||
| 546 | _aEN | ||
| 700 | _aLinda Ewles | ||
| 942 | _cBK | ||
| 999 |
_c23590 _d23590 |
||